Responses for Show #2144 - Thursday, December 23, 1993

Jean Grewe game 4.

Contestants

[<< previous game]

Jennifer Hybertsen, an arts consultant from Portland, Oregon

Peter Ambrose, a paleontologist from Hawaiian Gardens, California

Jean Grewe, a typesetter from Oak Park, Illinois (whose 3-day cash winnings total $29,901)

[next game >>]

Jeopardy! Round responses

DINOSAURS
CHRISTMAS CAROLS
RELATIVELY SPEAKING
NONFICTION
WORLD RELIGIONS
GERMAN 101
    $100 2
eggs

Peter
    $100 1
Bethlehem

Peter
    $100 26
Sister

Jean
    $100 16
a cookbook

Jean
    $100 21
Hindu

Jean
    $100 11
yes & no

Jennifer
    $200 3
the Tyrannosaurus Rex

Peter
    $200 7
sing

Peter
    $200 27
Granny

Jean
    $200 17
photography

Jennifer
    $200 22
Buddhism

Jean
    $200 12
Do you speak English?

Jean
    $300 4
the Gobi

Jean
    $300 8
comfort & joy

Jean
    $300 28
Big Brother

Jean
    $300 18
Carl Sagan

Jean
    $300 23
Mecca & Medina

Triple Stumper
    $300 13
antifreeze

Jean
    $400 5
the Stegosaurus

Jean
    $400 9
deck the halls

Jean
    $400 29
(Jean: What are forefathers?)
(Peter: What are brothers?)

fathers

JeanPeter
Triple Stumper
    $400 19
Margaret Mead

Jean
    $400 24
Turin

Jean
    $400 14
a ladies' room

Jean
    $300 6
(Jean: What is British Columbia?)

Alberta

Jean
    $500 10
"Away In A Manger"

Jennifer
    $500 30
the mother tongue

Jennifer
    $500 20
Tom Wolfe

Jean
    $500 25
(Jennifer: Who were the Wesleyans?)
...
(Alex: I thought that might be an acceptable alternate, but no, it's [*].)

Methodism

Jennifer
Triple Stumper
    $500 15
I'm thirsty

Peter

Scores at the first commercial break (after clue 15):

Jean Peter Jennifer
$2,000 $1,100 $600

Scores at the end of the Jeopardy! Round:

Jean Peter Jennifer
$4,200 $700 $800

Double Jeopardy! Round responses

THE 50 STATES
FAMOUS WOMEN
INTERNATIONAL BUSINESS
FATS & OILS
SPORTS
SHAKESPEARE TRIVIA
    $200 11
Florida

Peter
    $200 6
Margaret Thatcher

Jean
    $200 16
Toyota

Jennifer
    $200 21
blubber

Peter
    $200 26
Softball

Jennifer
    $200 1
the Globe

Peter
    $400 12
(Jean: What is New York?)
...
(Alex: Not the largest, but the highest falls are in Yosemite in [*].)

California

Jean
Triple Stumper
    $400 7
Oprah Winfrey

Peter
    $400 17
Perrier

Jennifer
    $400 22
soybeans

Jennifer
    $400 27
Wayne Gretzky

Jennifer
    $500 2
Macduff

Peter
    $1,000 13
Michigan

Peter
    $600 8
Janet Reno

Jennifer
    $600 18
Guinness

Peter
    $600 23
castor oil

Jean
    $600 28
the Boston Celtics

Jennifer
    $600 3
Juliet

Jean
    $800 14
Kentucky

Jean
    $800 9
Erma Bombeck

Jennifer
    $800 19
BASF

Peter
    $800 24
the filbert

Jennifer
    $800 29
the New Orleans Saints

Peter
    $800 4
Anne Hathaway

Jean
    $1000 15
Vermont

Jean
    $1000 10
(Jennifer: Who is Peggy Fleming?)

Dorothy Hamill

JeanJennifer
    $1000 20
Reuters

Peter
    $1000 25
Castile soap

Jean
    $1000 30
(Peter: What is diving?)

swimming

JeanPeter
    $1000 5
Love's Labour's Lost

Jean

Scores at the end of the Double Jeopardy! Round:

Jean Peter Jennifer
$11,800 $5,400 $4,200
(lock game)

[wagering suggestions for these scores]

Final Jeopardy! Round responses

MAGAZINES
(Alex: Now, those of you who are regular viewers of our program know that our champion, Jean, didn't really have to wager anything in order to win this game. Let's take a look at her response. Who are [*]? She came up with the correct response. She's been very cautious in her wagering, but today is a different story. She wagered $6,000 and so remains Jeopardy! champion with a big payday of $17,800 and a four-day total of $47,701.)
JenniferWho are the Addams Family?
$1,201
PeterWho is the Addams Family?
$5,399
JeanWho are the Addams Family?
$6,000
the Addams family

Final scores:

Jean Peter Jennifer
$17,800 $10,799 $5,401
4-day champion: $47,701 2nd place: notebook computer from CompUSA + Eastpak backpacks 3rd place: Magnavox 25" TV

Game dynamics:

Coryat scores:

Jean Peter Jennifer
$12,100 $4,900 $4,200
27 R,
3 W
(including 1 DD)
15 R
(including 2 DDs),
2 W
13 R,
2 W

Combined Coryat: $21,200

[game clues] [game scores] [suggest correction]

Game tape date: 1993-09-14
The J! Archive is created by fans, for fans. Scraping, republication, monetization, and malicious use prohibited; this site may use cookies and collect identifying information. See terms. The Jeopardy! game show and all elements thereof, including but not limited to copyright and trademark thereto, are the property of Jeopardy Productions, Inc. and are protected under law. This website is not affiliated with, sponsored by, or operated by Jeopardy Productions, Inc. Join the discussion at JBoard.tv.